| 000 | 00000nam 2200000za 4500 |
| 001 | 9.842648 |
| 003 | CaOODSP |
| 005 | 20221107152352 |
| 007 | cr ||||||||||| |
| 008 | 170911s2016 onc o f000 0 fre d |
| 040 | |aCaOODSP|bfre |
| 043 | |an-cn--- |
| 086 | 1 |aED5-36/2016F-PDF |
| 245 | 02|aL’exportation au-delà des États-Unis |h[ressource électronique] : |bpercer les marchés de l’OCDE. |
| 260 | |a[Ottawa] : |bExportation et développement Canada, |c[2016] |
| 300 | |a29 p. |
| 490 | 0 |aLivre blanc |
| 500 | |aPubl. aussi en anglais sous le titre : Exporting beyond the U.S.: expanding into OECD markets. |
| 500 | |aTitre de la couv. |
| 520 | |a« Les études d’Exportation et développement Canada (EDC) montrent qu’après avoir exporté avec succès aux États-Unis pendant trois à cinq ans, la prochaine étape pour les entreprises canadiennes consiste généralement à chercher des clients sur les marchés de l’OCDE, notamment dans l’Union européenne. Le présent livre blanc est un guide pratique qui aidera votre entreprise à voir au-delà des États-Unis et à commencer à s’implanter dans d’autres pays de l’OCDE. » |
| 692 | 07|2gccst|aExportation |
| 692 | 07|2gccst|aMarché international |
| 692 | 07|2gccst|aDéveloppement des marchés |
| 710 | 2 |aExportation et développement Canada. |
| 775 | 08|tExporting beyond the U.S. |w(CaOODSP)9.842646 |
| 856 | 40|qPDF|s199 Ko|uhttps://publications.gc.ca/collections/collection_2017/edc/ED5-36-2016-fra.pdf |